| 000 -LEADER |
| fixed length control field |
00583cas a2200181 a 4500 |
| 040 ## - CATALOGING SOURCE |
| Transcribing agency |
OHS |
| 082 ## - DEWEY DECIMAL CLASSIFICATION NUMBER |
| Classification number |
604 THE 1991 A049 Or. |
| 245 00 - TITLE STATEMENT |
| Title |
Journal of veterinary medical science |
| 260 ## - PUBLICATION, DISTRIBUTION, ETC. (IMPRINT) |
| Place of publication |
[Tokyo] : |
| Name of publisher |
The Society |
| 500 ## - GENERAL NOTE |
| General note |
Description based on: Vol. 59, no. 1 (1997); title from caption graphic (viewed Jan. 10, 2007) |
| 500 ## - GENERAL NOTE |
| General note |
Latest issue consulted: Vol. 53, no. 8 (2002) |
| 650 #0 - SUBJECT ADDED ENTRY--TOPICAL TERM |
| Topical Term |
Veterinary medicine |
| 650 #0 - SUBJECT ADDED ENTRY--TOPICAL TERM |
| Topical Term |
Animals |
| 710 2# - ADDED ENTRY--CORPORATE NAME |
| Corporate name or jurisdiction name as entry element |
Nihon J¿±i Gakkai |
| 710 2# - ADDED ENTRY--CORPORATE NAME |
| Corporate name or jurisdiction name as entry element |
J-Stage (System) |
| 856 4# - ELECTRONIC LOCATION AND ACCESS |
| Uniform Resource Identifier |
http://www.jstage.jst.go.jp/browse/jvms |
| 942 ## - ADDED ENTRY ELEMENTS (KOHA) |
| Koha item type |
សៀវភៅភាសាអង់គ្លេស |
| 952 ## - LOCATION AND ITEM INFORMATION (KOHA) |
| Withdrawn status [LOCAL, KOHA] |
0 |
| 952 ## - LOCATION AND ITEM INFORMATION (KOHA) |
| Withdrawn status [LOCAL, KOHA] |
0 |
| 952 ## - LOCATION AND ITEM INFORMATION (KOHA) |
| Withdrawn status [LOCAL, KOHA] |
0 |